Pronostico de losa negocios y económico (Registro nro. 6583)

Detalles MARC
000 -LEADER
fixed length control field 01314 a2200229 4500
001 - CONTROL NUMBER
control field 59030
005 - DATE AND TIME OF LATEST TRANSACTION
control field 20260407155845.0
008 - FIXED-LENGTH DATA ELEMENTS--GENERAL INFORMATION
fixed length control field 260407a1965 arg spa d
003 - CONTROL NUMBER IDENTIFIER
control field AR-UNSa-BCEJYS
040 ## - CATALOGING SOURCE
Original cataloging agency AR-UNSa-BCEJYS
Language of cataloging spa
Transcribing agency AR-UNSa-BCEJYS
080 ## - UNIVERSAL DECIMAL CLASSIFICATION NUMBER
Universal Decimal Classification number 346.065
Common auxiliary subdivision Empresas de negocios
100 1# - MAIN ENTRY--PERSONAL NAME
Personal name Spencer, Milton H.
245 10 - TITLE STATEMENT
Title Pronostico de losa negocios y económico
Name of part/section of a work enfoque económetrico
264 #1 - PRODUCTION, PUBLICATION, DISTRIBUTION, MANUFACTURE, AND COPYRIGHT NOTICE
Date of production, publication, distribution, manufacture, or copyright notice 1965
300 ## - PHYSICAL DESCRIPTION
Extent 454 p.
Dimensions 23 cm.
505 ## - FORMATTED CONTENTS NOTE
Formatted contents note Parte I: Métodos, materiales y herramientas de pronóstico: 1. Método de pronóstico – 2. Materiales de pronóstico – 3. Herramientas de pronóstico – Parte II: Pronosticación por sectores: 4. Pronóstico de los precios – 5. Pronóstico de las ventas de bienes no duraderos de consumo – 6. Pronóstico de las ventas de bienes duraderos de consumo – 7. Pronóstico de las ventas de bienes de capital – 8. Pronóstico de las ventas de materiales de construcción – Parte III: Pronóstico de la economía total: 9. Principios de construcción de los modelos econométricos agregados – 10. Aplicaciones de los modelos econométricos agregados
590 ## - LOCAL NOTE (RLIN)
Local note niveau_biblio:m niveau_hierar:0
700 1# - ADDED ENTRY--PERSONAL NAME
Personal name Clark, M.A., Colin G.
700 1# - ADDED ENTRY--PERSONAL NAME
Personal name Fernández Cepero, Manuel de J.
700 1# - ADDED ENTRY--PERSONAL NAME
Personal name Hoguet, LL.B., Peter W.
942 ## - ADDED ENTRY ELEMENTS (KOHA)
Koha item type
Existencias
Withdrawn status Lost status Damaged status Not for loan Home library Current library Shelving location Date acquired Total checkouts Full call number Barcode Date last seen Price effective from Koha item type
        Biblioteca Prof. Eusebio Cleto del Rey Biblioteca Prof. Eusebio Cleto del Rey   07/04/2026   346.065 S744 L25917 07/04/2026 07/04/2026 Libro
        Biblioteca Prof. Eusebio Cleto del Rey Biblioteca Prof. Eusebio Cleto del Rey   07/04/2026   346.065 S744 L25916 07/04/2026 07/04/2026 Libro